Gone astray : the care and management of the Asian elephant in domesticity

Bibliographic Details
Main Author: LAIR
Corporate Author: Food and Agriculture Organization of the United Nations (FAO)
Format: Book
Published: Bangkok : Food and Agriculture Organization of the United Nations , 1997
Series:RAP publication : 1997/16
Subjects:

MARC

LEADER 00000cam a2200000 7i4500
001 0000002129
005 20021118.0
020 0 0 |a 9748947238 
090 0 0 |a 599.67095   |b LAI 1997 
100 1 0 |a LAIR   |h Richard C. 
245 1 0 |a Gone astray :   |b the care and management of the Asian elephant in domesticity   |c Richard C. Lair 
260 0 0 |a Bangkok :   |b Food and Agriculture Organization of the United Nations ,   |c 1997 
300 |a xv, 300 p. :   |b col. ill. ;   |c 30 cm. 
440 0 0 |a RAP publication : 1997/16 
500 0 0 |a Bibliography : p. 279-300 
650 0 0 |a Elephants   |z Asia 
710 1 1 |a Food and Agriculture Organization of the United Nations (FAO) 
998 |a JPSM 
999 |a 0000001464   |b Monograph   |c Open Shelf   |e Default branch